Perú país de bosques (Registro nro. 214)
[ vista simple ]
| 000 -Cabecera | |
|---|---|
| Campo de control interno | 00653nam a2200229Ia 4500 |
| 005 - Fecha y hora del registro | |
| control field | 20251204171631.0 |
| 008 - Elementos de Longitud Fija | |
| fixed length control field | 251203t2008||||xx |||||||||||||| ||spa|| |
| 020 ## - ISBN | |
| ISBN | 9786034535909 |
| 041 ## - Idioma | |
| Codigo Idioma | ESP |
| 082 ## - DEWEY y NOTACIÓN INTERNA | |
| Dewey | 333.7585 |
| Notación Interna | B81 |
| 100 ## - AUTOR | |
| Autor denominación | Brack Egg, Antonio, |
| Títulos y otras palabras asociadas con el nombre | AUT |
| 245 #0 - TÍTULO DE MATERIAL BIBLIOGRÁFICO | |
| Título | Perú país de bosques |
| 246 ## - TÍTULO TRADUCIDO | |
| Título | Peru, land of forests5 |
| Autor | Yonz Martinez, Antonio |
| 250 ## - EDICIÓN | |
| Edición | Primera edición |
| 260 ## - CIUDAD, EDITORIAL, AÑO | |
| Ciudad | Lima : |
| Nombre de la Editorial | Graph Ediciones |
| Año | 2008 |
| 300 ## - DESCRIPCIÓN | |
| N° Páginas | 178 páginas : |
| Otros detalles | ilustraciones ; |
| Dimensiones | 25 cm. |
| 650 ## - TEMAS | |
| Temas | Ciencias Sociales |
| 653 ## - DESCRIPTORES | |
| Lenguajes no controlado | Bosques nacionales; Conservación de bosques - Perú |
| 654 ## - PROGRAMAS | |
| Programa | Todos los programas |
| 942 ## - ELEMENTOS DE KOHA | |
| Tipo de documento | Libro |
| Nombre del creador | Justo Noguera |
| Código de catalogador | Mirtha Ponce |
| Esquema de clasificación | Dewey Decimal Classification |
| Codigo completo | Registro | Colección | Copia número | Disponibilidad | Tipo de préstamo | Biblioteca Actual | Procedencia (Biblioteca) | Ubicacón | Fecha Ingreso | Tipo de Adquisición | Date last seen | Total checkouts | Price effective from | Tipo de Item | Estado del Material | Fuente de Clasificación | Damaged status | Withdrawn status |
|---|---|---|---|---|---|---|---|---|---|---|---|---|---|---|---|---|---|---|
| 333.7585 B81 | 1085083 | Colección Vera Bejar | 1 | Restringido | Víctor Andrés Belaunde | Víctor Andrés Belaunde | Planta baja cerrada | 03/10/2025 | Donación | 03/12/2025 | 03/12/2025 | Libro | Bueno | Dewey Decimal Classification | Withdrawn |




